000 012420000a22003250004500
003 EG-GICUC
005 20250223031628.0
008 070222s2004 ua d f m 000 0 eng d
040 _aEG-GICUC
_beng
_cEG-GICUC
041 0 _aEng
049 _aDeposite
097 _aM.Sc
099 _aCai01.13.04.M.Sc.2004.Ab.P
100 0 _aAbdElrahman Gamal Gadallah
245 1 0 _aProduction of a high quality activated carbon from rick husk /
_cAbd El rahman Gamal Gadallah ; Supervised Mohamed Fahmy Mustafa , Samia Sobhy Mohammed , Nagwa Naga Elibiary
246 1 5 _aانتاج فحم منشط عالى الجودة من قشر الارز
260 _aCairo :
_bAbd El rahman Gamal Gadallah ,
_c2004
300 _a133P :
_bcharts ;
_c30cm
502 _aThesis (M.Sc.) - Cairo University - Faculty Of Engineering - Department Of Chemical Engineering
530 _aIssued also as CD
653 4 _aHigh quality activated carbon
653 4 _aRick husk
700 0 _aMohamed Fahmy Mustafa ,
_eSupervisor
700 0 _aNagwa Naga Elibiary ,
_esupervisor
700 0 _aSamia Sobhy Mohammed ,
_eSupervisor
856 _uhttp://172.23.153.220/th.pdf
905 _aMustafa
_eRevisor
905 _aSamia
_eCataloger
942 _2ddc
_cTH
999 _c59067
_d59067